<?xml version="1.0" encoding="UTF-8"?>
<collection xmlns:xsi="http://www.w3.org/2001/XMLSchema-instance" xsi:schemaLocation="http://www.loc.gov/MARC21/slim http://www.loc.gov/standards/marcxml/schema/MARC21slim.xsd" xmlns="http://www.loc.gov/MARC21/slim">
 <record>
  <leader>00000cam a22000004i 4500</leader>
  <controlfield tag="001">UP-1685594773861248364</controlfield>
  <controlfield tag="003">Buklod</controlfield>
  <controlfield tag="005">20240705213215.0</controlfield>
  <controlfield tag="006">i|||||||||||||| | </controlfield>
  <controlfield tag="007">ta</controlfield>
  <controlfield tag="008">240705s1999    enka    rb   |||1 u|eng d</controlfield>
  <datafield tag="020" ind1=" " ind2=" ">
   <subfield code="a">0340676825</subfield>
  </datafield>
  <datafield tag="035" ind1=" " ind2=" ">
   <subfield code="a">(iLib)UPBAG-00000012421</subfield>
  </datafield>
  <datafield tag="037" ind1=" " ind2=" ">
   <subfield code="a">BC-40696</subfield>
   <subfield code="c">Php1,070.00</subfield>
  </datafield>
  <datafield tag="040" ind1=" " ind2=" ">
   <subfield code="a">DLC</subfield>
   <subfield code="d">BAG</subfield>
   <subfield code="e">rda</subfield>
  </datafield>
  <datafield tag="041" ind1="0" ind2=" ">
   <subfield code="a">eng</subfield>
  </datafield>
  <datafield tag="090" ind1=" " ind2="0">
   <subfield code="a">BF 713</subfield>
   <subfield code="b">E97</subfield>
  </datafield>
  <datafield tag="245" ind1="0" ind2="0">
   <subfield code="a">Exploring developmental psychology</subfield>
   <subfield code="b">from infancy to adolescence</subfield>
   <subfield code="c">edited by David Messer and Stuart Millar.</subfield>
  </datafield>
  <datafield tag="264" ind1=" " ind2="1">
   <subfield code="a">London</subfield>
   <subfield code="b">Arnold</subfield>
   <subfield code="c">1999.</subfield>
  </datafield>
  <datafield tag="300" ind1=" " ind2=" ">
   <subfield code="a">xxiv, 524 pages</subfield>
   <subfield code="b">illustrations</subfield>
   <subfield code="c">25 cm</subfield>
  </datafield>
  <datafield tag="336" ind1=" " ind2=" ">
   <subfield code="a">text</subfield>
   <subfield code="2">rdacontent</subfield>
  </datafield>
  <datafield tag="337" ind1=" " ind2=" ">
   <subfield code="a">unmediated</subfield>
   <subfield code="2">rdamedia</subfield>
  </datafield>
  <datafield tag="338" ind1=" " ind2=" ">
   <subfield code="a">volume</subfield>
   <subfield code="2">rdacarrier</subfield>
  </datafield>
  <datafield tag="504" ind1=" " ind2=" ">
   <subfield code="a">Includes bibliographical references (pages [437]-504) and index.</subfield>
  </datafield>
  <datafield tag="505" ind1="0" ind2=" ">
   <subfield code="a">Introduction -- Pt. 1. Life processes and infancy. 1. Genetics and development / Alison Pike and Robert Plomin ; 2. Developmental cognitive neuroscience: relating brain development to cognitive change / Mark H. Johnson ; 3. Knowledge of the physical world in infancy / J. Gavin Bremner ; 4. The development of communication and language / David Messer ; 5. The development of attachment relationships: infancy and beyond / Marinus H. van Ijzendoorn and Carlo Schuengel -- Pt. 2. Cognitive and representational growth. 6. Theories of cognitive development / Karen Pine ; 7. The development of pictorial representation / Pamela M. Smith ; 8. Intelligence / Mike Anderson ; 9. Reading skill and dyslexia / Rod Nicolson -- Pt. 3. Atypical development and development in special circumstances. 10. Growing and learning with sensory impairments / Julie Dockrell and Nicola Grove ; 11. Growing and learning with cognitive impairments / Nicola Grove and Julie Dockrell ; 12. Autism / Stuart D. Powell -- Pt. 4. Interpersonal processes: others and their influence. 13. Psychoanalytic views about development / Howard Steele and Miriam Steele ; 14. Emotional development / Mark Meerum Terwogt and Hedy Stegge ; 15. Socio-moral development / Lutz H. Eckensberger ; 16. Families and their role in children's lives and development / Anne Woollett ; 17. Bullying in school children / Dieter Wolke and Katherine Stanford ; 18. The uses and significance of electronic media during development / Charles K. Crook -- Pt. 5. Towards adulthood. 19. Adolescence in Europe: an important life phase? / Leo B. Hendry and Marion Kloep ; 20 Challenges, risks and coping in adolescence / Marion Kloep and Leo B. Hendry ; 21. Personal growth and racialized identities: the inextricable linking of the personal and the social in everyday practices / Ann Phoenix.</subfield>
  </datafield>
  <datafield tag="650" ind1=" " ind2="0">
   <subfield code="a">Developmental psychology.</subfield>
  </datafield>
  <datafield tag="700" ind1="1" ind2=" ">
   <subfield code="a">Messer, David J.</subfield>
   <subfield code="d">1952-</subfield>
   <subfield code="e">editor.</subfield>
  </datafield>
  <datafield tag="700" ind1="1" ind2=" ">
   <subfield code="a">Millar, Stuart</subfield>
   <subfield code="e">editor.</subfield>
  </datafield>
  <datafield tag="905" ind1=" " ind2=" ">
   <subfield code="a">FO</subfield>
  </datafield>
  <datafield tag="852" ind1="0" ind2=" ">
   <subfield code="a">UPBAG</subfield>
   <subfield code="b">UPBAG-MAIN</subfield>
   <subfield code="h">BF 713 E97</subfield>
  </datafield>
  <datafield tag="942" ind1=" " ind2=" ">
   <subfield code="a">Book</subfield>
  </datafield>
 </record>
</collection>
